Diccionario regional de los distritos de San Gabriel, Monterrey y la Legua de Aserrí
Guardado en:
| 主要作者: | |
|---|---|
| 格式: | 圖書 |
| 語言: | Undetermined |
| 出版: |
Aserrí, Costa Rica
Editorial Ludovico
1985
|
| 主題: | |
| 標簽: |
添加標簽
沒有標簽, 成為第一個標記此記錄!
|
MARC
| LEADER | 00000nam a2200000Ia 4500 | ||
|---|---|---|---|
| 008 | 170316s9999 xx 000 0 und d | ||
| 100 | |a Quesada pacheco, Miguel Angel | ||
| 245 | |a Diccionario regional de los distritos de San Gabriel, Monterrey y la Legua de Aserrí | ||
| 260 | |a Aserrí, Costa Rica | ||
| 260 | |b Editorial Ludovico | ||
| 260 | |c 1985 | ||
| 300 | |a 158 páginas | ||
| 650 | |a REFERENCIA | ||
| 650 | |a GEOGRAFIA LINGÜÍSTICA | ||
| 999 | |c 30281 |d 30281 | ||
| 040 | |a cru BVZT | ||
| 942 | |c 15 D |2 z | ||
